| 000 | 00413nam a22001697a 4500 | ||
|---|---|---|---|
| 003 | MPLRDC | ||
| 005 | 20220104143223.0 | ||
| 008 | 210129b ||||| |||| 00| 0 eng d | ||
| 082 | _a337.01 CCYT v.2 | ||
| 100 | _a长春邮电学校编 | ||
| 245 |
_a电工基础. 下册 _c |
||
| 250 | _a一版二刷 | ||
| 260 |
_a _b人民邮电出版社 _c1980 |
||
| 300 | _b平 | ||
| 650 | _a | ||
| 942 |
_cBK _o337.01 CCYT v.2 |
||
| 999 |
_c37784 _d37774 |
||